00371 a2200121 4500020001500000020001800015082001000033100001900043245010600062260004000168300002100208700002000229 a0130934763 a9780130934765 a004.31 aGarg, Rajat P.10aTechniques for optimizing applications :bhigh performance computing /cRajat P. Garg, Ilya Sharapov. a[S.l.] :bPrentice Hall PTR,c2002. a672 p. ;c24 cm.1 aSharapov, Ilya.